Islamic Dynasties in Egypt - Statistics

General Stats
  • This quiz has been taken 18 times
  • The average score is 7 of 11
Answer Stats
Hint Answer % Correct
750-868 Abbasid
94%
905-935 Abbasid
94%
1171-1252 Ayyubid
94%
661-750 Umayyad
94%
969-1171 Fatimid
89%
868-905 Tulunid
44%
1250-1382 Bahri
39%
1389-1390 Bahri
39%
1382-1389 Burji
33%
1390-1517 Burji
33%
935-969 Ikhshidid
33%
No matching quizzes found
Score Distribution
Percent of People with Each Score
Percentile by Number Answered
Your Score History
You have not taken this quiz